AIDS and HIV infection / (Record no. 15389)

000 -LEADER
fixed length control field 00514pam a2200193 a 4500
020 ## - INTERNATIONAL STANDARD BOOK NUMBER
ISBN 0801680123
040 ## - CATALOGING SOURCE
Transcribing agency DLC
082 00 - DEWEY DECIMAL CLASSIFICATION NUMBER
Classification number 616 MOS 1994 A055 Or.
100 1# - MAIN ENTRY--AUTHOR NAME
Personal name Grimes, Deanna E.
245 10 - TITLE STATEMENT
Title AIDS and HIV infection /
260 ## - PUBLICATION, DISTRIBUTION, ETC. (IMPRINT)
Place of publication St. Louis :
Name of publisher Mosby,
Year of publication c1994.
300 ## - PHYSICAL DESCRIPTION
Number of Pages xi, 284 p. :
Other physical details ill. (some col.) ;
Dimensions 28 cm.
650 #0 - SUBJECT ADDED ENTRY--TOPICAL TERM
Topical Term AIDS (Disease)
650 #0 - SUBJECT ADDED ENTRY--TOPICAL TERM
Topical Term HIV infections
650 #2 - SUBJECT ADDED ENTRY--TOPICAL TERM
Topical Term HIV Infections
650 #2 - SUBJECT ADDED ENTRY--TOPICAL TERM
Topical Term Acquired Immunodeficiency Syndrome
700 1# - ADDED ENTRY--PERSONAL NAME
Personal name Grimes, Richard M.
942 ## - ADDED ENTRY ELEMENTS (KOHA)
Koha item type សៀវភៅភាសាអង់គ្លេស
952 ## - LOCATION AND ITEM INFORMATION (KOHA)
Withdrawn status [LOCAL, KOHA] 0
Holdings
Permanent Location Date acquired Koha item type Lost status Shelving location Barcode Current Location Full call number
Library Block A2017-11-20សៀវភៅភាសាអង់គ្លេស A055A18831Library Block A616 MOS 1994 A055 Or.
មជ្ឈមណ្ឌលឯការនៃសាកលវិទ្យាល័យភូមិន្ទកសិកម្មចំការដូង

Powered by Koha